ბათუმის შოთა რუსთაველის სახელმწიფო უნივერსიტეტის ბიბლიოთეკა

Математические методы в химической технике. (ბიბ.ჩანაწერი № 48013)

000 -LEADER
fixed length control field 00657nam a2200205Ia 4500
001 - CONTROL NUMBER
control field 14893
003 - CONTROL NUMBER IDENTIFIER
control field GE_BSU
008 - FIXED-LENGTH DATA ELEMENTS--GENERAL INFORMATION
fixed length control field 181216s||||||||xx |||||||||||||| ||und||
040 ## - CATALOGING SOURCE
Transcribing agency GE_BSU
080 ## - UNIVERSAL DECIMAL CLASSIFICATION NUMBER
Universal Decimal Classification number 517+54
100 ## - MAIN ENTRY--PERSONAL NAME
Personal name Батунер, Л.М.,Позин, М.Е.
245 ## - TITLE STATEMENT
Title Математические методы в химической технике.
245 ## - TITLE STATEMENT
Statement of responsibility, etc. под. общ. ред. М.Е.Позина.
260 ## - PUBLICATION, DISTRIBUTION, ETC.
Place of publication, distribution, etc. Ленинград.
260 ## - PUBLICATION, DISTRIBUTION, ETC.
Name of publisher, distributor, etc. гостехиздат.
260 ## - PUBLICATION, DISTRIBUTION, ETC.
Date of publication, distribution, etc. 1955
300 ## - PHYSICAL DESCRIPTION
Extent 481 стр. 23см.
653 ## - INDEX TERM--UNCONTROLLED
Uncontrolled term Математические методы в химической технике.
942 ## - ADDED ENTRY ELEMENTS (KOHA)
Koha item type წიგნი
ეგზემპლარები
Withdrawn status Lost status Damaged status Not for loan Date acquired Barcode Date last seen Price effective from Koha item type
        2018-12-17 15827 2018-12-17 2018-12-17 წიგნი